000
00265nam a2200121Ia 4500
008
190216s9999||||xx |||||||||||||| ||und||
100
_a
Mukundan M
245
0
_a
Ente Kannan
260
_b
Current Books
300
_a
323p
650
_a
Malayalam Novel
942
_c
BK
999
_c
24688
_d
24688